| 000 | 00367nam a2200145Ia 4500 | ||
|---|---|---|---|
| 005 | 20260328104254.0 | ||
| 008 | 260328s9999||||xx |||||||||||||| ||und|| | ||
| 100 | _aChing, Francis D.K. | ||
| 245 | 0 |
_aManual de Dibujo Arquitectónico / _cFrancis D.K. Ching |
|
| 250 | _a2a ed. | ||
| 260 | _bGustavo Gili | ||
| 300 | _a187 p. | ||
| 650 | _aARQUITECTURA | ||
| 942 | _cBK | ||
| 999 |
_c10366 _d10366 |
||